Oscar Best Pictures All Time Quiz Stats

 Plays Quiz Updated Mar 1, 2021

Support Sporcle.
Go Orange.
Score 0/93 Timer 14:00
36 Plays Today
Year Best Picture % Correct
2016Moonlight
92.3%
1972The Godfather
91.7%
1974The Godfather: Part II
89.4%
2020Nomadland
87.1%
2019Parasite
85.3%
201312 Years a Slave
82.9%
2008Slumdog Millionaire
81.9%
2010The King's Speech
81.7%
2017The Shape of Water
79.8%
2018Green Book
79.7%
1998Shakespeare in Love
78.6%
2011The Artist
78.3%
2015Spotlight
78.1%
2014Birdman or (The Unexpected Virtue of Ignorance)
77.8%
2012Argo
77.2%
1962Lawrence of Arabia
77.2%
1957The Bridge on the River Kwai
77%
2000Gladiator
76.9%
1996The English Patient
76.4%
1982Gandhi
76.4%
1981Chariots of Fire
75.4%
1940Rebecca
73.6%
1948Hamlet
73.4%
1978The Deer Hunter
72.8%
1987The Last Emperor
71.2%
1973The Sting
70.4%
1997Titanic
70.4%
1989Driving Miss Daisy
70%
1971The French Connection
69.9%
1977Annie Hall
69.8%
1984Amadeus
69.8%
Year Best Picture % Correct
1939Gone with the Wind
69.7%
1975One Flew Over the Cuckoo's Nest
69.4%
1988Rain Man
69.3%
1970Patton
69.1%
1943Casablanca
67.8%
1986Platoon
67.6%
1976Rocky
67.3%
1992Unforgiven
67.2%
1990Dances with Wolves
66.8%
2001A Beautiful Mind
66.5%
1965The Sound of Music
65.9%
1991The Silence of the Lambs
65.4%
1968Oliver!
64.7%
1995Braveheart
62.7%
2002Chicago
61%
1964My Fair Lady
60%
1954On the Waterfront
58.7%
1966A Man for All Seasons
58.1%
1963Tom Jones
57.9%
1999American Beauty
57.9%
1961West Side Story
57.7%
1960The Apartment
56.8%
1950All About Eve
56.2%
1956Around the World in Eighty Days
55.6%
2004Million Dollar Baby
54.4%
2003The Lord of the Rings: The Return of the King
53.5%
1958Gigi
53.1%
1993Schindler's List
53.1%
1994Forrest Gump
53%
1953From Here to Eternity
53%
1942Mrs. Miniver
51.8%
Year Best Picture % Correct
1955Marty
51.7%
1969Midnight Cowboy
51.2%
2006The Departed
51%
2005Crash
51%
2007No Country for Old Men
50.5%
2009The Hurt Locker
49.7%
1951An American in Paris
48.6%
1967In the Heat of the Night
47.6%
1941How Green Was My Valley
47.5%
1949All the King's Men
46.7%
1932-1933Cavalcade
46.3%
1979Kramer vs. Kramer
46%
1935Mutiny on the Bounty
45.6%
1985Out of Africa
45.2%
1929-1930All Quiet on the Western Front
44.7%
1927-1928Wings
43.5%
1931-1932Grand Hotel
43.5%
1946The Best Years of Our Lives
43.1%
1959Ben-Hur
41.7%
1980Ordinary People
41.4%
1983Terms of Endearment
40.5%
1945The Lost Weekend
40.5%
1938You Can't Take It with You
40.4%
1944Going My Way
39.1%
1930-1931Cimarron
37.9%
1934It Happened One Night
37%
1937The Life of Emile Zola
34.7%
1936The Great Ziegfeld
34.6%
1947Gentleman's Agreement
33.9%
1928-1929The Broadway Melody
33.9%
1952The Greatest Show on Earth
33%

You're not logged in!

Compare scores with friends on all Sporcle quizzes.
OR
Log In

From the Vault

TV Shows Cut Off at 'B'

by DIEGO1000

Find out if your favorite show made the cut.
Remove Ads.
Support Sporcle.
Get the best of Sporcle when you Go Orange. This ad-free experience offers more features, more stats, and more fun while also helping to support Sporcle. Thank you for becoming a member.

Show Comments

Extras

Top Quizzes Today


Score Distribution

Your Account Isn't Verified!

In order to create a playlist on Sporcle, you need to verify the email address you used during registration. Go to your Sporcle Settings to finish the process.

Report this User

Report this user for behavior that violates our Community Guidelines.

Details: